[Event "ODJM A 2014"]
[Site "Magdeburg GER"]
[Date "2014.06.10"]
[Round "5"]
[White "Wenninger, Philipp"]
[Black "Cremer, Jan Paul"]
[Result "1-0"]
[Termination "normal"]
[Board "1"]
[WhiteElo "2251"]
[BlackElo "2211"]
[WhiteClock "00:06:26"]
[BlackClock "00:08:36"]
[PlyCount "91"]
[WhiteFideId "4648404"]
[BlackFideId "24686115"]
[EventCountry "GER"]
[EventRounds "9"]
[EventType "swiss"]
[EventDate "2014.06.07"]

1. d4 Nf6 2. c4 g6 3. Nc3 Bg7 4. e4 d6 5. f3 O-O 6. Be3 c5 7. Nge2 Nc6 8. d5
Ne5 9. Ng3 e6 10. Be2 exd5 11. cxd5 a6 12. a4 Re8 13. O-O h5 14. h3 Nh7 15. Qd2
h4 16. Nh1 f5 17. Nf2 Nf7 18. Rae1 Rb8 19. Bd3 Bd7 20. Qc2 Qf6 21. exf5 gxf5
22. Ng4 Qg6 23. Ne2 Ne5 24. Nf4 Qf7 25. Nxe5 Bxe5 26. Ne6 Nf8 27. f4 Bh8 28.
Bxf5 Re7 29. Bf2 Qf6 30. Re2 Bxa4 31. Qxa4 Qxf5 32. Bxh4 Rh7 33. Bg5 Qxd5 34.
Rd1 Qf5 35. Rxd6 Nxe6 36. Rdxe6 Rf8 37. Qc4 Rhf7 38. Kh2 Bd4 39. R2e4 Kh8 40.
g4 Qxg5 41. fxg5 Rf2+ 42. Kg3 R2f3+ 43. Kh4 Bf2+ 44. Kh5 Rxh3+ 45. Kg6 Rg8+ 46.
Kf5 1-0

[Event "ODJM A 2014"]
[Site "Magdeburg GER"]
[Date "2014.06.10"]
[Round "5"]
[White "Berchtenbreiter, Maximilian"]
[Black "Stein, Daniel"]
[Result "1-0"]
[Termination "normal"]
[Board "2"]
[WhiteTitle "IM"]
[WhiteElo "2396"]
[BlackElo "1969"]
[WhiteClock "01:00:17"]
[BlackClock "00:40:11"]
[PlyCount "99"]
[WhiteFideId "24641120"]
[BlackFideId "12939307"]
[EventCountry "GER"]
[EventRounds "9"]
[EventType "swiss"]
[EventDate "2014.06.07"]

1. e4 e5 2. Nf3 Nf6 3. Bc4 Nxe4 4. Nc3 Nd6 5. Bb3 Nc6 6. O-O Be7 7. Re1 O-O 8.
Nxe5 Nxe5 9. Rxe5 Bf6 10. Re1 Nf5 11. Nd5 Nd4 12. Bc4 Bg5 13. f4 Bh4 14. Re4
Nf5 15. g3 Nd6 16. Re1 Nxc4 17. gxh4 Qxh4 18. d3 Nb6 19. Nxc7 Rb8 20. Be3 Qf6
21. a4 Qc6 22. Nb5 Nd5 23. Bxa7 Ra8 24. Qf3 Nc7 25. Qxc6 bxc6 26. Nxc7 Rxa7 27.
Ne8 d5 28. Nd6 Bg4 29. c4 dxc4 30. dxc4 g6 31. b4 Rfa8 32. a5 Be6 33. Red1 Kg7
34. Kf2 h6 35. Ke3 Kf6 36. Kd4 g5 37. f5 Bd7 38. Kc5 g4 39. Rd2 h5 40. Rda2 h4
41. a6 g3 42. hxg3 hxg3 43. Kb6 Ke5 44. Nxf7+ Kxf5 45. Nd8 Kf4 46. Nxc6 Bxc6
47. Kxc6 g2 48. Rxg2 Rxa6+ 49. Rxa6 Rxa6+ 50. Kb5 1-0

[Event "ODJM A 2014"]
[Site "Magdeburg GER"]
[Date "2014.06.10"]
[Round "5"]
[White "Bart, Simon"]
[Black "Rietze, Clemens"]
[Result "0-1"]
[Termination "normal"]
[Board "3"]
[BlackTitle "FM"]
[WhiteElo "2027"]
[BlackElo "2288"]
[WhiteClock "00:33:34"]
[BlackClock "00:25:00"]
[PlyCount "90"]
[WhiteFideId "24637327"]
[BlackFideId "24620351"]
[EventCountry "GER"]
[EventRounds "9"]
[EventType "swiss"]
[EventDate "2014.06.07"]

1. e4 e5 2. Nf3 Nc6 3. Bc4 Nf6 4. Ng5 d5 5. exd5 b5 6. Bxb5 Qxd5 7. Nc3 Qxg2 8.
Qf3 Qxf3 9. Nxf3 Bd7 10. O-O Nd4 11. Bxd7+ Kxd7 12. Nxe5+ Ke6 13. Nc4 Nxc2 14.
Rb1 Bd6 15. Nb5 Kd7 16. d4 Rhe8 17. Bd2 Rab8 18. Nbxd6 cxd6 19. Nxd6 Kxd6 20.
Bf4+ Kd5 21. Bxb8 Rxb8 22. Rfc1 Rc8 23. b4 Rc4 24. a4 Ne4 25. Rb2 Nxb4 26. Rxc4
Kxc4 27. Re2 Kxd4 28. Kg2 a5 29. f3 Nd6 30. f4 Kc4 31. Rd2 Nd5 32. Kf3 f5 33.
h4 Ne4 34. Rb2 Nb4 35. Rg2 g6 36. h5 gxh5 37. Rg7 Kb3 38. Rxh7 Nf6 39. Re7 Kxa4
40. Re5 Nbd5 41. Rxf5 Kb3 42. Rg5 a4 43. Rg7 a3 44. f5 a2 45. Rb7+ Nb4 0-1

[Event "ODJM A 2014"]
[Site "Magdeburg GER"]
[Date "2014.06.10"]
[Round "5"]
[White "Doberitz, Paul"]
[Black "Lüßmann, Thomas"]
[Result "1-0"]
[Termination "normal"]
[Board "4"]
[WhiteElo "2211"]
[BlackElo "1893"]
[WhiteClock "00:31:50"]
[BlackClock "00:56:08"]
[PlyCount "55"]
[WhiteFideId "24646130"]
[BlackFideId "1270602"]
[EventCountry "GER"]
[EventRounds "9"]
[EventType "swiss"]
[EventDate "2014.06.07"]

1. e4 e6 2. d4 d5 3. Nc3 dxe4 4. Nxe4 Nd7 5. Nf3 Ngf6 6. Bd3 c5 7. c3 cxd4 8.
Nxd4 Nxe4 9. Bxe4 Nc5 10. Bc2 e5 11. Qe2 Bd6 12. b4 Ne6 13. Ba4+ Kf8 14. Nf5
Qc7 15. Qd3 Nd4 16. Nxd6 Qxd6 17. Ba3 b5 18. cxd4 Bf5 19. Qxf5 Qxd4 20. O-O
bxa4 21. Rfd1 Qc3 22. Rac1 Qxa3 23. Rc8+ Rxc8 24. Qxc8+ Ke7 25. Qxh8 Qxa2 26.
Qd8+ Ke6 27. Qd6+ Kf5 28. g4+ 1-0

[Event "ODJM A 2014"]
[Site "Magdeburg GER"]
[Date "2014.06.10"]
[Round "5"]
[White "Balazs, Balint"]
[Black "Kaplun, David"]
[Result "0-1"]
[Termination "normal"]
[Board "5"]
[WhiteElo "1846"]
[BlackElo "1800"]
[WhiteClock "00:21:29"]
[BlackClock "00:35:37"]
[PlyCount "108"]
[WhiteFideId "12922757"]
[BlackFideId "12901954"]
[EventCountry "GER"]
[EventRounds "9"]
[EventType "swiss"]
[EventDate "2014.06.07"]

1. d4 d5 2. Nc3 e6 3. Nf3 Nf6 4. Bg5 Be7 5. Qd3 b6 6. O-O-O Bb7 7. Bxf6 Bxf6 8.
e4 dxe4 9. Nxe4 Be7 10. Ne5 Nd7 11. f4 O-O 12. Kb1 Nxe5 13. fxe5 c5 14. c3 cxd4
15. cxd4 Qd7 16. h4 Rfd8 17. Ng5 g6 18. Ne4 Rac8 19. h5 Qxd4 20. Qxd4 Bxe4+ 21.
Qd3 Rd5 22. Be2 Bxd3+ 23. Rxd3 Rxe5 24. Bf3 Rec5 25. hxg6 hxg6 26. a3 R8c7 27.
Be4 Rc4 28. Re3 Kg7 29. Bd3 Rg4 30. Reh3 Bd6 31. Rh7+ Kf6 32. Rf1+ Rf4 33. Rd1
Be5 34. Rd2 Bd4 35. Rh3 Kg7 36. Be2 Bf6 37. Bf3 Rfc4 38. Rh1 Bg5 39. Re2 Rc1+
40. Rxc1 Rxc1+ 41. Ka2 Bf4 42. Kb3 Rc7 43. Kb4 e5 44. g4 f5 45. gxf5 gxf5 46.
Bd5 Kf6 47. Rf2 Be3 48. Rf3 Bd4 49. Be4 f4 50. b3 Be3 51. Rf1 Rc5 52. Rd1 Bd4
53. a4 Bb2 54. a5 Bc3+ 0-1

[Event "ODJM A 2014"]
[Site "Magdeburg GER"]
[Date "2014.06.10"]
[Round "5"]
[White "Carow, Annelen"]
[Black "Hirtreiter, Pierre"]
[Result "0-1"]
[Termination "normal"]
[Board "6"]
[WhiteElo "2044"]
[BlackElo "1810"]
[WhiteClock "00:24:22"]
[BlackClock "00:56:23"]
[PlyCount "47"]
[WhiteFideId "24692492"]
[BlackFideId "12966312"]
[EventCountry "GER"]
[EventRounds "9"]
[EventType "swiss"]
[EventDate "2014.06.07"]

1. d4 Nf6 2. c4 c5 3. d5 b5 4. cxb5 a6 5. f3 g6 6. e4 d6 7. Nc3 Bg7 8. a4 O-O
9. bxa6 Nxa6 10. Bc4 e6 11. Nge2 Nb4 12. O-O exd5 13. exd5 Nd7 14. b3 Ne5 15.
Bb2 Bf5 16. Rc1 Nxc4 17. bxc4 Nd3 18. Rb1 Ne5 19. Qb3 Bxb1 20. Rxb1 Qh4 21. Ne4
Rab8 22. Qc2 Rxb2 23. Qxb2 Nxf3+ 24. gxf3 0-1

[Event "ODJM A 2014"]
[Site "Magdeburg GER"]
[Date "2014.06.10"]
[Round "5"]
[White "Nahnsen, Kenneth"]
[Black "Meißner, Felix"]
[Result "0-1"]
[Termination "normal"]
[Board "7"]
[BlackTitle "FM"]
[WhiteElo "1729"]
[BlackElo "2254"]
[PlyCount "58"]
[WhiteFideId "12957119"]
[BlackFideId "24671827"]
[EventCountry "GER"]
[EventRounds "9"]
[EventType "swiss"]
[EventDate "2014.06.07"]

1. d4 Nf6 2. Nf3 g6 3. Bf4 Bg7 4. e3 O-O 5. Be2 d6 6. h3 b6 7. O-O Bb7 8. Bh2
Nbd7 9. a4 a6 10. b4 e6 11. Na3 Ne4 12. Qd3 Qe7 13. c4 e5 14. Nc2 a5 15. Nd2
Nxd2 16. Qxd2 Qg5 17. d5 axb4 18. Qxb4 Ra5 19. Na3 Nc5 20. Nb5 Qe7 21. Ra3 Bc8
22. Nc3 Bf5 23. Nb5 Rfa8 24. Nc3 Bc2 25. Rfa1 e4 26. R1a2 Bd3 27. Bd1 Na6 28.
Qb3 Rc5 29. Be2 Rxc4 0-1

[Event "ODJM A 2014"]
[Site "Magdeburg GER"]
[Date "2014.06.10"]
[Round "5"]
[White "Wieber, Dominik"]
[Black "Reisberg, Andre"]
[Result "1/2-1/2"]
[Termination "normal"]
[Board "8"]
[WhiteElo "1845"]
[BlackElo "1989"]
[PlyCount "40"]
[WhiteFideId "24699012"]
[BlackFideId "1270630"]
[EventCountry "GER"]
[EventRounds "9"]
[EventType "swiss"]
[EventDate "2014.06.07"]

1. e4 e6 2. d4 d5 3. exd5 exd5 4. Bd3 Bd6 5. Ne2 c6 6. Bf4 Bxf4 7. Nxf4 Qe7+ 8.
Qe2 Bg4 9. f3 Qxe2+ 10. Nxe2 Bh5 11. Nd2 Bg6 12. Nf4 Nf6 13. Bxg6 hxg6 14. Kf2
O-O 15. Rhe1 Nbd7 16. Nd3 Rfe8 17. Rxe8+ Rxe8 18. Re1 Rxe1 19. Kxe1 Kf8 20. Kf2
Ke7 1/2-1/2

[Event "ODJM A 2014"]
[Site "Magdeburg GER"]
[Date "2014.06.10"]
[Round "5"]
[White "Giraud, Valerian"]
[Black "Maar, Samuel"]
[Result "1/2-1/2"]
[Termination "normal"]
[Board "9"]
[WhiteElo "2004"]
[BlackElo "1765"]
[PlyCount "42"]
[WhiteFideId "12920355"]
[BlackFideId "12952591"]
[EventCountry "GER"]
[EventRounds "9"]
[EventType "swiss"]
[EventDate "2014.06.07"]

1. d4 d5 2. c4 e6 3. Nc3 Nf6 4. cxd5 exd5 5. Bg5 Be7 6. Qc2 Nc6 7. e3 O-O 8.
Nf3 g6 9. h3 Bf5 10. Qd1 Nb4 11. Rc1 Ne4 12. Bxe7 Qxe7 13. Qb3 Rfe8 14. a3 Nxf2
15. Kxf2 Qxe3+ 16. Kg3 Qxc1 17. Qxb4 Bd3 18. Bxd3 Qxh1 19. Nxd5 Re6 20. Ne5 Qd1
21. Qb5 Rd8 1/2-1/2

[Event "ODJM A 2014"]
[Site "Magdeburg GER"]
[Date "2014.06.10"]
[Round "5"]
[White "Dathe, Frederick"]
[Black "van Klev, Fabian"]
[Result "0-1"]
[Termination "normal"]
[Board "10"]
[WhiteElo "1576"]
[BlackElo "1880"]
[PlyCount "38"]
[WhiteFideId "12963070"]
[BlackFideId "12964255"]
[EventCountry "GER"]
[EventRounds "9"]
[EventType "swiss"]
[EventDate "2014.06.07"]

1. b3 e5 2. Bb2 Nc6 3. e4 Nf6 4. d3 d5 5. exd5 Nxd5 6. Nf3 Bb4+ 7. c3 Bd6 8.
Nbd2 O-O 9. Be2 f5 10. O-O Kh8 11. Nc4 Nf4 12. Nxd6 cxd6 13. Qd2 Ne6 14. Rfe1
e4 15. dxe4 fxe4 16. Nd4 Ncxd4 17. cxd4 d5 18. f3 Nf4 19. fxe4 Qg5 0-1

[Event "ODJM A 2014"]
[Site "Magdeburg GER"]
[Date "2014.06.10"]
[Round "5"]
[White "Gölz, Daniel"]
[Black "Thumm, Felix"]
[Result "1-0"]
[Termination "normal"]
[Board "11"]
[WhiteElo "2225"]
[BlackElo "1755"]
[PlyCount "73"]
[WhiteFideId "24626325"]
[BlackFideId "12902209"]
[EventCountry "GER"]
[EventRounds "9"]
[EventType "swiss"]
[EventDate "2014.06.07"]

1. e4 c5 2. Nc3 e6 3. g3 a6 4. Bg2 Nc6 5. d3 Qc7 6. Nge2 b5 7. O-O Bb7 8. f4
Rd8 9. f5 Nf6 10. Nf4 Be7 11. g4 h6 12. h4 b4 13. Na4 Nh7 14. Nh5 Rg8 15. g5
hxg5 16. hxg5 Ne5 17. f6 gxf6 18. gxf6 Bf8 19. Bf4 d6 20. c3 Qc6 21. b3 Ng4 22.
Bd2 Ne5 23. Qe2 Qb5 24. c4 Qc6 25. Kf2 a5 26. Bh3 Ng5 27. Bxg5 Rxg5 28. Nf4 Kd7
29. Rg1 Bh6 30. Nd5 Ng6 31. Rxg5 Bxg5 32. Rg1 Bh4+ 33. Ke3 Re8 34. Rxg6 fxg6
35. Qg4 g5 36. f7 Rf8 37. Qxe6+ 1-0

[Event "ODJM A 2014"]
[Site "Magdeburg GER"]
[Date "2014.06.10"]
[Round "5"]
[White "Pohl, Steffen"]
[Black "Zeller, Elisa"]
[Result "0-1"]
[Termination "normal"]
[Board "12"]
[WhiteElo "1712"]
[BlackElo "1921"]
[PlyCount "80"]
[WhiteFideId "12987824"]
[BlackFideId "24662410"]
[EventCountry "GER"]
[EventRounds "9"]
[EventType "swiss"]
[EventDate "2014.06.07"]

1. e4 e6 2. b3 c5 3. Bb2 d6 4. Nf3 Nf6 5. Bb5+ Bd7 6. Bxd7+ Nbxd7 7. Qe2 Be7 8.
d4 cxd4 9. Nxd4 O-O 10. O-O a6 11. c4 Re8 12. Nd2 Bf8 13. Rad1 Qc7 14. f4 e5
15. fxe5 dxe5 16. Nf5 g6 17. Ng3 Bg7 18. h4 h5 19. Nf3 Ng4 20. Bc1 Rad8 21. Nh2
Ndf6 22. Rxd8 Qxd8 23. Bg5 Qd4+ 24. Kh1 Nxh2 25. Kxh2 Ng4+ 26. Kh1 f6 27. Bc1
Bf8 28. Qd2 Rd8 29. Qxd4 Rxd4 30. Ne2 Rxe4 31. Nc3 Rd4 32. Nd5 Kg7 33. g3 Rd3
34. Kg2 Bd6 35. Kh3 b5 36. Nb6 Bc5 37. Nd5 Bf2 38. Rxf2 Nxf2+ 39. Kg2 Ne4 40.
Ne3 Rc3 0-1

[Event "ODJM A 2014"]
[Site "Magdeburg GER"]
[Date "2014.06.10"]
[Round "5"]
[White "Peters, Florian"]
[Black "Borchert, Louis"]
[Result "1-0"]
[Termination "normal"]
[Board "13"]
[WhiteElo "1755"]
[BlackElo "1869"]
[PlyCount "107"]
[WhiteFideId "12952028"]
[BlackFideId "12990680"]
[EventCountry "GER"]
[EventRounds "9"]
[EventType "swiss"]
[EventDate "2014.06.07"]

1. c4 e5 2. Nc3 Nc6 3. g3 f5 4. Bg2 Nf6 5. d3 Bc5 6. e3 d6 7. Nge2 O-O 8. d4
Bb6 9. d5 Ne7 10. Na4 Qe8 11. f3 Qh5 12. Nxb6 axb6 13. Nc3 Bd7 14. Bd2 Qe8 15.
Qe2 Ra7 16. O-O Ra8 17. e4 Qg6 18. a3 h6 19. Rae1 Qh7 20. f4 exf4 21. Bxf4 Rae8
22. Qd2 Ng6 23. exf5 Nxf4 24. Rxe8 Nxe8 25. Rxf4 Rxf5 26. Be4 Nf6 27. Bxf5 Bxf5
28. Qe3 g6 29. h3 Qg7 30. g4 Bd7 31. Qd4 Nh7 32. Qxg7+ Kxg7 33. Ne4 Ba4 34. Nc3
Bd7 35. Kg2 Ng5 36. Ne4 Nf7 37. b3 Ne5 38. Nf6 Nd3 39. Rf1 Ne5 40. Kg3 g5 41.
Nxd7 Nxd7 42. Kf3 Kg6 43. Ke3 Kg7 44. Kd4 Nf6 45. Re1 Kf7 46. Rf1 Ke7 47. b4
Nd7 48. Re1+ Ne5 49. Re3 Kd7 50. Rxe5 dxe5+ 51. Kxe5 Ke7 52. c5 b5 53. d6+ Kd7
54. Kd5 1-0

[Event "ODJM A 2014"]
[Site "Magdeburg GER"]
[Date "2014.06.10"]
[Round "5"]
[White "Gauchel, Lorenz"]
[Black "Hinrichs, Niklas"]
[Result "1-0"]
[Termination "normal"]
[Board "15"]
[WhiteElo "1766"]
[BlackElo "1711"]
[PlyCount "107"]
[WhiteFideId "12905283"]
[BlackFideId "12942499"]
[EventCountry "GER"]
[EventRounds "9"]
[EventType "swiss"]
[EventDate "2014.06.07"]

1. d4 d5 2. Nf3 Nf6 3. c4 c6 4. Nc3 e6 5. Bg5 h6 6. Bh4 Be7 7. e3 O-O 8. cxd5
cxd5 9. Bd3 Nc6 10. O-O Bd7 11. Rc1 Rc8 12. Bb1 Qb6 13. Ne5 Be8 14. Na4 Qd8 15.
Qc2 g6 16. b3 Nd7 17. Bg3 Ndxe5 18. Bxe5 Ba3 19. Nb2 Bd7 20. Qe2 Nxe5 21. dxe5
Qb6 22. Rxc8 Rxc8 23. Bd3 Rc3 24. Rd1 Qc7 25. f4 Qb6 26. Kf2 d4 27. Nc4 dxe3+
28. Qxe3 Qxe3+ 29. Kxe3 Bc5+ 30. Kd2 Bb4 31. a3 Rxc4+ 32. axb4 Rxb4 33. Bc4 b5
34. Kc3 a5 35. Rxd7 bxc4 36. bxc4 Ra4 37. Rd2 Kf8 38. g3 Ke7 39. Kb3 Rb4+ 40.
Kc3 Ra4 41. c5 Ra1 42. Kc4 Rb1 43. c6 Rc1+ 44. Kb5 a4 45. Rd7+ Ke8 46. Ra7 a3
47. Rxa3 Rb1+ 48. Kc5 Kd8 49. Ra8+ Kc7 50. Ra7+ Kc8 51. Rxf7 Rc1+ 52. Kd6 Rd1+
53. Kxe6 Rc1 54. Rf6 1-0

[Event "ODJM A 2014"]
[Site "Magdeburg GER"]
[Date "2014.06.10"]
[Round "5"]
[White "Wolff, Marie Antoinette"]
[Black "Biefel, Christian"]
[Result "0-1"]
[Termination "normal"]
[Board "17"]
[WhiteElo "1628"]
[BlackElo "1774"]
[PlyCount "72"]
[WhiteFideId "12908258"]
[BlackFideId "24692646"]
[EventCountry "GER"]
[EventRounds "9"]
[EventType "swiss"]
[EventDate "2014.06.07"]

1. c4 c6 2. Nf3 d5 3. cxd5 cxd5 4. g3 Nf6 5. Bg2 Nc6 6. O-O Bg4 7. d3 e6 8. a3
Be7 9. h3 Bh5 10. Nc3 O-O 11. Bf4 d4 12. Ne4 Nd5 13. Bc1 Qb6 14. Qe1 Rac8 15.
Ned2 a5 16. Nc4 Qa7 17. e3 b5 18. Nce5 Nxe5 19. Nxe5 Bf6 20. exd4 Qxd4 21. Nd7
Rfd8 22. Nxf6+ Nxf6 23. Qxa5 Be2 24. Re1 Qxd3 25. Bg5 Rd4 26. Kh2 h6 27. Bxf6
gxf6 28. Qa7 Rc2 29. Qe7 Kg7 30. Rac1 Rdc4 31. Rxc2 Rxc2 32. Qb4 Bf3 33. Bxf3
Qxf3 34. Qg4+ Qxg4 35. hxg4 Rxf2+ 36. Kh3 Rxb2 0-1

[Event "ODJM A 2014"]
[Site "Magdeburg GER"]
[Date "2014.06.10"]
[Round "5"]
[White "Wastian, Jan"]
[Black "Wagner, Swenja"]
[Result "1-0"]
[Termination "normal"]
[Board "18"]
[WhiteElo "1647"]
[BlackElo "1417"]
[PlyCount "51"]
[WhiteFideId "12911640"]
[BlackFideId "12900494"]
[EventCountry "GER"]
[EventRounds "9"]
[EventType "swiss"]
[EventDate "2014.06.07"]

1. e4 e5 2. Nf3 Nc6 3. Bb5 Nf6 4. O-O Nxe4 5. d4 Be7 6. dxe5 O-O 7. h3 a6 8.
Bxc6 dxc6 9. Qe2 Bf5 10. Rd1 Qc8 11. Nd4 Bc5 12. Be3 Re8 13. f4 Bg6 14. Qf3 f5
15. Nd2 Nxd2 16. Rxd2 Bb6 17. Rad1 Bf7 18. Kh2 Bd5 19. Qf2 g6 20. Ne2 Ba5 21.
c3 b5 22. b4 Bb6 23. Bxb6 cxb6 24. Qxb6 Rb8 25. Qc5 Qc7 26. Rxd5 1-0

[Event "ODJM A 2014"]
[Site "Magdeburg GER"]
[Date "2014.06.10"]
[Round "5"]
[White "Heldt, Nils-Lennart"]
[Black "Karsay, Pascal"]
[Result "1-0"]
[Termination "normal"]
[Board "20"]
[WhiteElo "1593"]
[BlackElo "1779"]
[PlyCount "58"]
[WhiteFideId "12952109"]
[BlackFideId "12953474"]
[EventCountry "GER"]
[EventRounds "9"]
[EventType "swiss"]
[EventDate "2014.06.07"]

1. e4 c5 2. Nf3 e6 3. d4 cxd4 4. Nxd4 a6 5. c4 Qc7 6. Nc3 Nf6 7. Bd3 Be7 8. O-O
O-O 9. Qe2 d6 10. Nb3 b6 11. f4 Nbd7 12. Bd2 Bb7 13. Rae1 Rfd8 14. Nb1 b5 15.
cxb5 axb5 16. a3 e5 17. f5 d5 18. exd5 Bxd5 19. Nc1 Bc4 20. Bxc4 bxc4 21. Bc3
Bc5+ 22. Kh1 Bd4 23. Qf3 Nb6 24. Ne2 Na4 25. Nxd4 exd4 26. Bxd4 Ra6 27. Bxf6
Rxf6 28. Nc3 Nb6 29. a4 Rfd6 1-0

[Event "ODJM A 2014"]
[Site "Magdeburg GER"]
[Date "2014.06.10"]
[Round "5"]
[White "Heldt, Ronny"]
[Black "Wiese, Tobias"]
[Result "0-1"]
[Termination "normal"]
[Board "21"]
[WhiteElo "1802"]
[BlackElo "1548"]
[PlyCount "62"]
[WhiteFideId "12903973"]
[BlackFideId "12974382"]
[EventCountry "GER"]
[EventRounds "9"]
[EventType "swiss"]
[EventDate "2014.06.07"]

1. Nf3 Nf6 2. c4 Nc6 3. Nc3 e5 4. d3 Bb4 5. Qc2 d6 6. a3 Bc5 7. e3 Bg4 8. Be2
a6 9. O-O O-O 10. b4 Ba7 11. Bb2 Rb8 12. h3 Bh5 13. Rfd1 Re8 14. b5 axb5 15.
Nxb5 Bb6 16. d4 e4 17. Ne1 Bxe2 18. Qxe2 d5 19. Nc2 Na7 20. Nxa7 Bxa7 21. cxd5
Nxd5 22. Nb4 c6 23. Qc4 Re6 24. Rdc1 Rg6 25. Nxd5 b5 26. Ne7+ Qxe7 27. Qc2 Re8
28. Bc3 Qg5 29. g3 Qf5 30. a4 Qxh3 31. axb5 Rh6 0-1

[Event "ODJM A 2014"]
[Site "Magdeburg GER"]
[Date "2014.06.10"]
[Round "5"]
[White "Acikel, Mert"]
[Black "Vukojevic, Angelo"]
[Result "1-0"]
[Termination "normal"]
[Board "22"]
[WhiteElo "1707"]
[BlackElo "1448"]
[PlyCount "83"]
[WhiteFideId "12956465"]
[BlackFideId "12979546"]
[EventCountry "GER"]
[EventRounds "9"]
[EventType "swiss"]
[EventDate "2014.06.07"]

1. e4 c5 2. Nf3 Nc6 3. d4 cxd4 4. Nxd4 Nf6 5. f3 g6 6. c4 Bg7 7. Nc2 O-O 8. Be3
Qa5+ 9. Nc3 e6 10. Qd2 Rd8 11. Nb5 Qxd2+ 12. Bxd2 Ne8 13. O-O-O a6 14. Nc3 Rb8
15. Bg5 f6 16. Bf4 Ne5 17. Be3 b5 18. cxb5 axb5 19. Bxb5 Nc7 20. Be2 d5 21. Nd4
Rd6 22. Ndb5 Nxb5 23. Bxb5 d4 24. Bxd4 Nc6 25. Bc5 Rxd1+ 26. Rxd1 Bb7 27. Bxc6
Bxc6 28. Rd6 Be8 29. Rxe6 Bf7 30. Rb6 Rc8 31. Bd4 Bh6+ 32. Kb1 Bc4 33. b3 Bd3+
34. Kb2 Bd2 35. Rxf6 Bf1 36. g3 Bg5 37. Rd6 Re8 38. f4 Bh6 39. Bf6 Kf7 40. e5
Bh3 41. Rd8 Re6 42. Ne4 1-0

[Event "ODJM A 2014"]
[Site "Magdeburg GER"]
[Date "2014.06.10"]
[Round "5"]
[White "Denkert, Robert"]
[Black "Kasel, Alexander"]
[Result "1/2-1/2"]
[Termination "normal"]
[Board "23"]
[WhiteElo "1731"]
[BlackElo "1498"]
[PlyCount "49"]
[WhiteFideId "12957216"]
[BlackFideId "12969982"]
[EventCountry "GER"]
[EventRounds "9"]
[EventType "swiss"]
[EventDate "2014.06.07"]

1. e4 c5 2. Nc3 a6 3. a4 e6 4. Bc4 Qc7 5. d3 Nf6 6. f4 d6 7. Nf3 Nbd7 8. O-O
Be7 9. Qe1 O-O 10. Qg3 b6 11. Ng5 h6 12. Nh3 Kh8 13. Qh4 Qd8 14. f5 e5 15. Bxh6
gxh6 16. Qxh6+ Nh7 17. f6 Bxf6 18. Rf5 Bg7 19. Qxd6 Ndf6 20. Qxd8 Rxd8 21. Rf3
Bg4 22. Rg3 Bh6 23. Rf1 Rf8 24. Nd5 Bxh3 25. Nxf6 1/2-1/2

[Event "ODJM A 2014"]
[Site "Magdeburg GER"]
[Date "2014.06.10"]
[Round "5"]
[White "Langer, Moritz"]
[Black "Garbuz, Vitaliy"]
[Result "0-1"]
[Termination "normal"]
[Board "25"]
[WhiteElo "1470"]
[BlackElo "1627"]
[PlyCount "98"]
[WhiteFideId "12975281"]
[BlackFideId "12990710"]
[EventCountry "GER"]
[EventRounds "9"]
[EventType "swiss"]
[EventDate "2014.06.07"]

1. d4 d5 2. e3 Nf6 3. Bd3 e6 4. f4 c5 5. c3 Nc6 6. Nf3 a6 7. O-O Be7 8. Ne5 Qc7
9. Nd2 b5 10. Ndf3 O-O 11. Nxc6 Qxc6 12. Ne5 Qc7 13. Bd2 Nd7 14. Rf3 f5 15. Rh3
Nxe5 16. fxe5 g6 17. Qf3 Rf7 18. Rf1 Rb8 19. Be1 Kh8 20. Qg3 Rg7 21. Rh6 a5 22.
Qf4 c4 23. Bc2 Qd8 24. Rh3 g5 25. Qf2 g4 26. Rg3 Bh4 27. Qe2 Bxg3 28. Bxg3 b4
29. Qe1 Qf8 30. Bh4 Rg6 31. Bf6+ Kg8 32. Qg3 bxc3 33. bxc3 Rb2 34. Bb1 Qa3 35.
Qe1 Qa4 36. Be7 Qd7 37. Bd6 Qd8 38. Qc1 Rb7 39. Qa3 Rh6 40. g3 Qg5 41. Qc1 Rh3
42. Qd2 h5 43. Qf2 Rh7 44. Bc2 h4 45. Qf4 Qh5 46. gxh4 Qxh4 47. Rf2 Rg7 48. Rg2
Rf3 49. Be7 Qe1# 0-1

[Event "ODJM A 2014"]
[Site "Magdeburg GER"]
[Date "2014.06.10"]
[Round "5"]
[White "Cejda, Moritz"]
[Black "Hesse, Henrik"]
[Result "1-0"]
[Termination "time forfeit"]
[Board "26"]
[WhiteElo "1438"]
[BlackElo "1645"]
[PlyCount "64"]
[WhiteFideId "12925152"]
[BlackFideId "12952060"]
[EventCountry "GER"]
[EventRounds "9"]
[EventType "swiss"]
[EventDate "2014.06.07"]

1. d4 Nf6 2. Nf3 d6 3. Nc3 g6 4. e4 Bg7 5. Bg5 Nbd7 6. Bc4 O-O 7. Qd2 e5 8.
O-O-O exd4 9. Nxd4 Ne5 10. Bb3 a6 11. f4 Ned7 12. Nf3 Qe8 13. Rhe1 Nb6 14. h3
Be6 15. e5 dxe5 16. fxe5 Nfd7 17. Nd5 Nxd5 18. Bxd5 Nc5 19. Qb4 Qb5 20. Qxb5
axb5 21. Be7 Bxd5 22. Rxd5 Ne6 23. Bxf8 Kxf8 24. a3 Nf4 25. Rd2 b4 26. Red1 Ne6
27. Kb1 bxa3 28. bxa3 Rxa3 29. Kb2 Ra6 30. Kb3 Rc6 31. Rd5 Rb6+ 32. Ka4 Ke7 1-0

[Event "ODJM A 2014"]
[Site "Magdeburg GER"]
[Date "2014.06.10"]
[Round "5"]
[White "Reitz, Philipp"]
[Black "Lengler, Tim"]
[Result "1-0"]
[Termination "normal"]
[Board "27"]
[WhiteElo "1522"]
[BlackElo "1573"]
[PlyCount "45"]
[WhiteFideId "12973297"]
[BlackFideId "12936197"]
[EventCountry "GER"]
[EventRounds "9"]
[EventType "swiss"]
[EventDate "2014.06.07"]

1. e4 c5 2. Nf3 d6 3. d4 cxd4 4. Nxd4 Nf6 5. Nc3 a6 6. Be2 e5 7. Nf3 Be6 8. Bg5
Be7 9. O-O O-O 10. Qd2 Qd7 11. Rfd1 Rd8 12. Bxf6 gxf6 13. Qh6 Kh8 14. Nd5 Bxd5
15. Rxd5 Rg8 16. Nh4 Nc6 17. c3 Rg5 18. Nf5 Rg6 19. Qh5 Rag8 20. Rd3 Rxg2+ 21.
Kh1 R2g6 22. Qxh7+ Kxh7 23. Rh3+ 1-0